[Event "Las Palmas Insular-chT Primera-B 1617"]
[Site "Las Palmas"]
[Date "2016.11.12"]
[Round "4.4"]
[White "Amador Garcia, Ismael"]
[Black "Salcedo Izquierdo, Rafael"]
[Result "1-0"]
[WhiteElo "1745"]
[BlackElo "1406"]
[PlyCount "79"]
[EventDate "2016.10.22"]
[EventType "team-tourn"]
[EventRounds "14"]
[EventCountry "ESP"]
[SourceTitle "EXT 2018"]
[Source "ChessBase"]
[SourceDate "2017.10.13"]
[SourceVersion "1"]
[SourceVersionDate "2017.10.13"]
[SourceQuality "1"]
[WhiteTeam "Fundacion La Caja de Canarias II"]
[BlackTeam "Anand III"]
[WhiteTeamCountry "ESP"]
[BlackTeamCountry "ESP"]

1. e4 e5 2. Nf3 Nc6 3. Bc4 h6 4. c3 Nf6 5. d3 d6 6. Nbd2 a6 7. Bb3 Na5 8. Bc2 Be6 9. Nf1 Qd7 10. Ng3 Bg4 11. h3 Bxf3 12. Qxf3 Be7 13. Nf5 Bf8 14. Nxh6 Nxe4 15. Nxf7 Qxf7 16. Qxf7+ Kxf7 17. dxe4 Be7 18. 0-0 Bf6 19. b4 Nc4 20. Bb3 b5 21. a4 Ke7 22. Bxc4 bxc4 23. Rb1 c6 24. Rd1 Rab8 25. Be3 Rhd8 26. Kf1 Rd7 27. Ke2 Ke6 28. Kd2 d5 29. exd5+ Rxd5+ 30. Kc2 Rbd8 31. Rxd5 Rxd5 32. Rd1 e4 33. Rxd5 cxd5 34. Bd4 Be5 35. g3 g6 36. Kd2 Bxd4 37. cxd4 g5 38. h4 gxh4 39. gxh4 Kf5 40. b5 1-0

[Event "Las Palmas Insular-chT Primera-B"]
[Site "Las Palmas"]
[Date "2015.12.12"]
[Round "6.2"]
[White "Salcedo Izquierdo, Rafael"]
[Black "Abderrahaman, Nadia"]
[Result "0-1"]
[WhiteElo "1424"]
[BlackElo "1215"]
[PlyCount "70"]
[EventDate "2015.10.17"]
[EventType "team-tourn"]
[EventRounds "14"]
[EventCountry "ESP"]
[SourceTitle "CBM 170 Extra"]
[Source "ChessBase"]
[SourceDate "2016.02.25"]
[SourceVersion "1"]
[SourceVersionDate "2016.02.25"]
[SourceQuality "1"]
[WhiteTeam "Anand III"]
[BlackTeam "Hotel Avda de Canarias V"]
[WhiteTeamCountry "ESP"]
[BlackTeamCountry "ESP"]

1. e4 e5 2. Nf3 d6 3. Nc3 c5 4. d3 Nc6 5. Be2 Be7 6. 0-0 f5 7. exf5 Bxf5 8. Nd5 Nf6 9. Nxe7 Qxe7 10. Nh4 Be6 11. Bg5 Rg8 12. Nf3 h6 13. Be3 g5 14. g3 0-0-0 15. Nd2 Qd7 16. Bf3 h5 17. Bg2 Bh3 18. Ne4 h4 19. Nxf6 Qe6 20. Nxg8 Rxg8 21. Qd2 Bxg2 22. Kxg2 h3+ 23. Kg1 Rf8 24. Bxg5 Nd4 25. f4 exf4 26. Bxf4 Ne2+ 27. Kf2 Nxf4 28. gxf4 Qf7 29. Kg1 Rg8+ 30. Kf2 Rg2+ 31. Kf3 Qd5+ 32. Ke3 Qd4+ 33. Kf3 Rxd2 34. Kg3 Qe3+ 35. Rf3 Rg2+ 0-1

[Event "Las Palmas op 34th"]
[Site "Las Palmas"]
[Date "2013.12.07"]
[Round "7"]
[White "Salcedo Izquierdo, Rafael"]
[Black "Gonzalez Ortega, Pino"]
[Result "0-1"]
[WhiteElo "1451"]
[BlackElo "1417"]
[PlyCount "136"]
[EventDate "2013.12.02"]
[EventType "swiss"]
[EventRounds "9"]
[EventCountry "ESP"]
[SourceTitle "CBM 157 Extra"]
[Source "ChessBase"]
[SourceDate "2013.12.19"]
[SourceVersion "1"]
[SourceVersionDate "2013.12.19"]
[SourceQuality "1"]

1. d4 Nf6 2. b3 g6 3. Bb2 Bg7 4. e3 d6 5. Nf3 0-0 6. Be2 Nbd7 7. 0-0 c5 8. c4 Re8 9. Qc2 Qc7 10. dxc5 Nxc5 11. Nc3 Bf5 12. Qc1 Nd3 13. Bxd3 Bxd3 14. Rd1 Bf5 15. Nd4 Bd7 16. Qd2 a6 17. Rac1 Rac8 18. f3 Bh6 19. Nd5 Nxd5 20. cxd5 Qb6 21. f4 Bg7 22. Rxc8 Rxc8 23. Rc1 Rxc1+ 24. Qxc1 Qb4 25. a3 Qc5 26. b4 Qxc1+ 27. Bxc1 Ba4 28. Kf2 Bxd4 29. exd4 Bb3 30. g4 Bxd5 31. h4 Kg7 32. g5 Kf8 33. Ke3 Ke8 34. a4 a5 35. bxa5 Bb3 36. Bd2 Bxa4 37. d5 Kd7 38. Kd4 Bb5 39. Bc3 Kc7 40. Bb4 Bf1 41. Bc3 Bh3 42. Bd2 Kd7 43. Bb4 e6 44. dxe6+ Kxe6 45. Bd2 Bg2 46. Bc1 Bf1 47. Bd2 Bg2 48. Bc1 Kd7 49. Bd2 Kc6 50. Bc3 Bf1 51. Bd2 Bg2 52. Bc3 Kb5 53. Bd2 Kc6 54. Bc3 Kd7 55. Bd2 Ke6 56. Be3 Kf5 57. Bd2 Kg4 58. Ke3 Kxh4 59. Kd4 Kg4 60. Kc4 Bc6 61. Kd4 Kf5 62. Be3 f6 63. gxf6 Kxf6 64. Bd2 Kf5 65. Ke3 h5 66. Bb4 h4 67. Bxd6 h3 68. Kf2 h2 0-1

[Event "Las Palmas op 34th"]
[Site "Las Palmas"]
[Date "2013.12.03"]
[Round "2"]
[White "Salcedo Izquierdo, Rafael"]
[Black "Ruiz Delgado, Basilio"]
[Result "0-1"]
[WhiteElo "1451"]
[BlackElo "1723"]
[PlyCount "30"]
[EventDate "2013.12.02"]
[EventType "swiss"]
[EventRounds "9"]
[EventCountry "ESP"]
[SourceTitle "CBM 157 Extra"]
[Source "ChessBase"]
[SourceDate "2013.12.19"]
[SourceVersion "1"]
[SourceVersionDate "2013.12.19"]
[SourceQuality "1"]

1. d4 Nf6 2. c4 g6 3. Nc3 d5 4. e3 Bg7 5. Nf3 0-0 6. b3 c5 7. Qc2 Nc6 8. cxd5 Bf5 9. e4 Nxd4 10. Nxd4 cxd4 11. exf5 dxc3 12. fxg6 hxg6 13. Be3 Nxd5 14. 0-0-0 Qa5 15. Kb1 Nb4 0-1

[Event "ESP-ch 77th"]
[Site "San Agustin"]
[Date "2012.10.05"]
[Round "7"]
[White "Diaz Sanchez, Jose Francisco"]
[Black "Salcedo Izquierdo, Rafael"]
[Result "1/2-1/2"]
[WhiteElo "1868"]
[BlackElo "1445"]
[PlyCount "76"]
[EventDate "2012.09.29"]
[EventType "swiss"]
[EventRounds "9"]
[EventCountry "ESP"]
[SourceTitle "EXT 2014"]
[Source "ChessBase"]
[SourceDate "2013.11.20"]
[SourceVersion "1"]
[SourceVersionDate "2013.11.20"]
[SourceQuality "1"]

1. e4 c5 2. Nf3 d6 3. d4 cxd4 4. Nxd4 Nc6 5. c4 e5 6. Nb5 Nf6 7. Bg5 a6 8. Bxf6 gxf6 9. N5c3 Qb6 10. b3 Be6 11. Na4 Qa5+ 12. Qd2 Qxd2+ 13. Nxd2 Bh6 14. Nb6 Bxd2+ 15. Kxd2 Rd8 16. Ke3 Nd4 17. f4 f5 18. exf5 Bxf5 19. Bd3 Bxd3 20. Kxd3 f6 21. Rhf1 0-0 22. Rae1 Nc6 23. Nd5 Kg7 24. Re3 b5 25. Nc7 bxc4+ 26. Kxc4 Nd4 27. Kd5 Kf7 28. Rh3 Rh8 29. fxe5 dxe5+ 30. Ke4 Rd6 31. Nd5 Rc6 32. Rc3 Rxc3 33. Nxc3 Rg8 34. Rf2 Ke6 35. Ke3 Nf5+ 36. Ke4 Nd4 37. Ke3 Nf5+ 38. Ke4 Nd4 1/2-1/2

[Event "ESP-ch 77th"]
[Site "San Agustin"]
[Date "2012.10.04"]
[Round "6"]
[White "Salcedo Izquierdo, Rafael"]
[Black "Ruiz Delgado, Basilio"]
[Result "0-1"]
[WhiteElo "1445"]
[BlackElo "1718"]
[PlyCount "52"]
[EventDate "2012.09.29"]
[EventType "swiss"]
[EventRounds "9"]
[EventCountry "ESP"]
[SourceTitle "EXT 2014"]
[Source "ChessBase"]
[SourceDate "2013.11.20"]
[SourceVersion "1"]
[SourceVersionDate "2013.11.20"]
[SourceQuality "1"]

1. d4 d5 2. c4 e6 3. Nc3 Nf6 4. e3 Bb4 5. Bd2 0-0 6. Nf3 c5 7. dxc5 Bxc5 8. cxd5 exd5 9. Be2 Nc6 10. a3 d4 11. exd4 Nxd4 12. Nxd4 Bxd4 13. 0-0 Be6 14. Bf3 Qb6 15. b4 Rfd8 16. Rc1 Bc4 17. Na4 Qb5 18. Nc3 Bxc3 19. Rxc3 Bxf1 20. Rc5 Qd3 21. Qxf1 Qxd2 22. Bxb7 Rab8 23. Bf3 Re8 24. Rc1 g6 25. Rd1 Qb2 26. Qd3 Rbd8 0-1

[Event "Las Palmas Cabildo sf"]
[Site "Las Palmas"]
[Date "2012.01.25"]
[Round "3"]
[White "Salcedo Izquierdo, Rafael"]
[Black "Bordon Sanchez, Jose Domingo"]
[Result "1-0"]
[WhiteElo "1442"]
[BlackElo "1519"]
[PlyCount "93"]
[EventDate "2012.01.19"]
[EventType "swiss"]
[EventRounds "6"]
[EventCountry "ESP"]
[SourceTitle "EXT 2014"]
[Source "ChessBase"]
[SourceDate "2013.11.20"]
[SourceVersion "1"]
[SourceVersionDate "2013.11.20"]
[SourceQuality "1"]

1. d4 d5 2. c4 Nf6 3. Nc3 Bg4 4. Qa4+ c6 5. e3 Nbd7 6. h3 Bh5 7. Be2 e5 8. dxe5 Nxe5 9. Bxh5 Nxh5 10. cxd5 Bd6 11. dxc6 0-0 12. cxb7 Rb8 13. Qd1 Rxb7 14. Qxh5 Nd3+ 15. Kf1 Qb6 16. Qe2 Ne5 17. Nf3 Ng6 18. b3 Re8 19. g3 Qc6 20. Bd2 Ba3 21. Kg1 Bb2 22. Kh2 Bxc3 23. Rac1 Qd6 24. Rxc3 h5 25. Qd3 Qf6 26. Kg2 h4 27. gxh4 Nxh4+ 28. Nxh4 Qxh4 29. Rhc1 Rbb8 30. Qd4 Qg5+ 31. Qg4 Qd5+ 32. Kg1 Qxd2 33. Rc8 Qxa2 34. Rxb8 Rxb8 35. Rc8+ Rxc8 36. Qxc8+ Kh7 37. Qb7 Qb1+ 38. Kh2 Qf1 39. Qxf7 Kh6 40. Qf4+ g5 41. Qf8+ Kg6 42. Qg8+ Kh6 43. Qe6+ Kg7 44. Qf5 Kh6 45. Qf3 Qb1 46. e4 Qc2 47. e5 1-0

[Event "Las Palmas-ch"]
[Site "Las Palmas"]
[Date "2011.07.22"]
[Round "3"]
[White "Salcedo Izquierdo, Rafael"]
[Black "Manchon Santana, Alberto"]
[Result "0-1"]
[WhiteElo "1354"]
[BlackElo "1284"]
[PlyCount "72"]
[EventDate "2011.07.18"]
[EventType "swiss"]
[EventRounds "5"]
[EventCountry "ESP"]
[SourceTitle "EXT 2024"]
[Source "ChessBase"]
[SourceDate "2023.10.10"]
[SourceVersion "1"]
[SourceVersionDate "2023.10.10"]
[SourceQuality "1"]

1. e4 c5 2. Nf3 d6 3. d4 cxd4 4. Nxd4 Nf6 5. Nc3 g6 6. Be3 Bg7 7. Bd3 0-0 8. 0-0 Nc6 9. a3 Bd7 10. f4 Ng4 11. Nxc6 Nxe3 12. Nxd8 Nxd1 13. Nxd1 Rfxd8 14. c3 Rac8 15. Ne3 Bc6 16. Bc2 e6 17. Rad1 d5 18. e5 Bf8 19. b4 Bb5 20. Rf2 Rxc3 21. Nf1 Rdc8 22. Rdd2 a5 23. a4 Bc4 24. Rf3 Rxf3 25. gxf3 axb4 26. Kg2 b3 27. Bb1 Bb4 28. Rd1 Be2 29. Rd2 Bxd2 30. Nxd2 Bd1 31. Bd3 Bc2 32. Bb5 b2 33. a5 Bf5 34. Kf2 Rc2 35. Ke3 Rxd2 36. Kxd2 b1Q 0-1

[Event "Gran Canaria-ch Seniors"]
[Site "Las Palmas"]
[Date "2011.07.13"]
[Round "5.4"]
[White "Biscarri Candalia, Oscar"]
[Black "Salcedo Izquierdo, Rafael"]
[Result "1/2-1/2"]
[WhiteElo "1545"]
[BlackElo "1443"]
[PlyCount "60"]
[EventDate "2011.06.28"]
[EventType "swiss"]
[EventRounds "5"]
[EventCountry "ESP"]
[SourceTitle "EXT 2024"]
[Source "ChessBase"]
[SourceDate "2023.10.10"]
[SourceVersion "1"]
[SourceVersionDate "2023.10.10"]
[SourceQuality "1"]

1. d4 g6 2. g3 Bg7 3. Nf3 e6 4. c4 b6 5. Bg2 Bb7 6. 0-0 d6 7. Nc3 Nd7 8. Rb1 Rb8 9. Re1 Ngf6 10. Qc2 0-0 11. e4 a6 12. Bg5 Qc8 13. Rbc1 h6 14. Bf4 Nh5 15. Be3 Nhf6 16. b3 Re8 17. Nh4 Nf8 18. Qd2 g5 19. Nf3 Nxe4 20. Nxe4 Bxe4 21. d5 e5 22. Rf1 Ng6 23. Ne1 Bxg2 24. Nxg2 f5 25. f4 gxf4 26. gxf4 e4 27. Qf2 Qd7 28. Rfd1 Qf7 29. Rc2 Kh7 30. Kh1 Kh8 1/2-1/2

[Event "Arucas op 7th"]
[Site "Arucas"]
[Date "2011.06.20"]
[Round "5"]
[White "Diaz Mendoza, Eladio"]
[Black "Salcedo Izquierdo, Rafael"]
[Result "1-0"]
[WhiteElo "1522"]
[BlackElo "1443"]
[PlyCount "95"]
[EventDate "2011.06.13"]
[EventType "swiss"]
[EventRounds "6"]
[EventCountry "ESP"]
[SourceTitle "EXT 2012"]
[Source "ChessBase"]
[SourceDate "2011.11.24"]
[SourceVersion "1"]
[SourceVersionDate "2011.11.24"]
[SourceQuality "1"]

1. d4 Nf6 2. c4 g6 3. Bf4 d6 4. h3 Bg7 5. e3 0-0 6. Nf3 Re8 7. Be2 c5 8. 0-0 b6 9. Nc3 Bb7 10. d5 Nh5 11. Bh2 Bxc3 12. bxc3 Ng7 13. e4 e6 14. Bd3 e5 15. Bg3 Bc8 16. Bh4 f6 17. Qd2 g5 18. Bg3 h6 19. Nh2 h5 20. h4 Rf8 21. hxg5 fxg5 22. Nf3 Rxf3 23. gxf3 Bh3 24. Rfe1 Qf6 25. Qe3 h4 26. Bh2 Nh5 27. Kh1 Nf4 28. Rg1 Nd7 29. Bc2 Kf7 30. Ba4 Nf8 31. Bc6 Rc8 32. a4 Rc7 33. a5 bxa5 34. Rxa5 N8g6 35. Ra6 Bc8 36. Raa1 Ne7 37. Bxf4 exf4 38. Qd3 Nxc6 39. dxc6 Qe6 40. Qd5 a6 41. Rxg5 Qxd5 42. cxd5 h3 43. Kh2 Kf6 44. Rag1 Rh7 45. Rg6+ Kf7 46. Rxd6 Ke7 47. Rdg6 Kf7 48. Rg8 1-0

[Event "Arucas op 7th"]
[Site "Arucas"]
[Date "2011.06.15"]
[Round "3"]
[White "Salcedo Izquierdo, Rafael"]
[Black "Caritg Creus, Carlos"]
[Result "1/2-1/2"]
[WhiteElo "1443"]
[BlackElo "1683"]
[PlyCount "101"]
[EventDate "2011.06.13"]
[EventType "swiss"]
[EventRounds "6"]
[EventCountry "ESP"]
[SourceTitle "EXT 2012"]
[Source "ChessBase"]
[SourceDate "2011.11.24"]
[SourceVersion "1"]
[SourceVersionDate "2011.11.24"]
[SourceQuality "1"]

1. e4 Nf6 2. Nc3 e5 3. Nf3 Nc6 4. d4 exd4 5. Nxd4 Bc5 6. Be3 Qe7 7. Nf5 Qe5 8. Bxc5 Qxc5 9. Nxg7+ Kf8 10. Nf5 Nxe4 11. Nxe4 Qxf5 12. Bd3 d5 13. Ng3 Qe5+ 14. Qe2 Bg4 15. Qxe5 Nxe5 16. Bf5 h5 17. f3 h4 18. fxg4 hxg3 19. h3 Re8 20. 0-0-0 c6 21. Rde1 Rh6 22. Re3 Nc4 23. Rxe8+ Kxe8 24. Re1+ Kf8 25. b3 Nd6 26. Re3 Nxf5 27. gxf5 Rf6 28. Rf3 d4 29. Kd2 c5 30. Kd3 Ke7 31. Ke4 Kd6 32. Rxg3 Rh6 33. Rg7 Rh4+ 34. Rg4 Rh5 35. h4 b5 36. g3 Rh8 37. Rg7 Re8+ 38. Kd3 Ke7 39. Rg4 Kf6 40. Re4 Rg8 41. g4 a5 42. c3 dxc3 43. Kxc3 Rd8 44. Rf4 Rd1 45. Re4 Rh1 46. h5 Rh2 47. a3 Rh3+ 48. Kc2 Rh2+ 49. Kc3 Rg2 50. Kd3 Rg3+ 51. Kc2 1/2-1/2

[Event "Arucas op 7th"]
[Site "Arucas"]
[Date "2011.06.14"]
[Round "2"]
[White "Monteiro Rodrigues, Carlos"]
[Black "Salcedo Izquierdo, Rafael"]
[Result "1/2-1/2"]
[WhiteElo "1696"]
[BlackElo "1443"]
[PlyCount "25"]
[EventDate "2011.06.13"]
[EventType "swiss"]
[EventRounds "6"]
[EventCountry "ESP"]
[SourceTitle "EXT 2012"]
[Source "ChessBase"]
[SourceDate "2011.11.24"]
[SourceVersion "1"]
[SourceVersionDate "2011.11.24"]
[SourceQuality "1"]

1. e4 e6 2. d4 d5 3. Nc3 c5 4. Nf3 dxe4 5. Nxe4 cxd4 6. Nxd4 e5 7. Nb3 Qxd1+ 8. Kxd1 b6 9. Bd3 Ba6 10. c4 Nc6 11. Ke2 Nb4 12. a3 Nxd3 13. Kxd3 1/2-1/2

[Event "Cerrado Maspalo 3rd"]
[Site "Cerrado"]
[Date "2010.10.29"]
[Round "9"]
[White "Perez Hernandez, Juan Manuel"]
[Black "Salcedo Izquierdo, Rafael"]
[Result "1-0"]
[WhiteElo "1653"]
[BlackElo "1471"]
[PlyCount "59"]
[EventDate "2010.10.15"]
[EventType "tourn"]
[EventRounds "11"]
[EventCountry "ESP"]
[SourceTitle "EXT 2024"]
[Source "ChessBase"]
[SourceDate "2023.10.10"]
[SourceVersion "1"]
[SourceVersionDate "2023.10.10"]
[SourceQuality "1"]

1. e4 e5 2. Nf3 Nc6 3. Bc4 Nf6 4. d3 Be7 5. c3 d6 6. 0-0 Na5 7. Qa4+ Nc6 8. Bd5 Bd7 9. Qb3 Nxd5 10. Qxd5 0-0 11. Qb3 Rb8 12. d4 exd4 13. cxd4 a6 14. Be3 b6 15. Nbd2 b5 16. d5 Na5 17. Qc3 Nb7 18. b4 Rc8 19. Bd4 Bf6 20. e5 dxe5 21. Nxe5 Bxe5 22. Bxe5 f6 23. Bg3 Bf5 24. Qc6 Nd6 25. Qxa6 Bd3 26. Rfe1 Ra8 27. Qc6 Ra4 28. Re3 Ra3 29. Qc1 Ra4 30. Rxd3 1-0

[Event "Vecindario Canarias op 4th"]
[Site "Vecindario"]
[Date "2010.07.18"]
[Round "2"]
[White "Marrero Cardenes, Agustin"]
[Black "Salcedo Izquierdo, Rafael"]
[Result "1-0"]
[WhiteElo "1788"]
[BlackElo "1474"]
[PlyCount "71"]
[EventDate "2010.07.18"]
[EventType "swiss"]
[EventRounds "9"]
[EventCountry "ESP"]
[SourceTitle "CBM 137 Extra"]
[Source "ChessBase"]
[SourceDate "2010.09.01"]
[SourceVersion "1"]
[SourceVersionDate "2010.09.01"]
[SourceQuality "1"]

1. d4 c5 2. d5 Nf6 3. c4 d6 4. Nc3 g6 5. e4 Bg7 6. Nf3 0-0 7. Be2 a6 8. 0-0 Bg4 9. h3 Bxf3 10. Bxf3 e5 11. dxe6 fxe6 12. e5 dxe5 13. Be3 Qc7 14. Qb3 Nc6 15. Bxc5 Rfd8 16. Bb6 Qe7 17. Bxd8 Rxd8 18. Rad1 Nd4 19. Qxb7 Nxf3+ 20. Qxf3 Rd4 21. Rxd4 exd4 22. Ne4 e5 23. Rd1 Nxe4 24. Qxe4 Qa7 25. Qd5+ Kf8 26. Rd3 Bf6 27. Rf3 Kg7 28. c5 Qe7 29. Rb3 Kh8 30. Rb7 Qe8 31. Qf7 Qxf7 32. Rxf7 Bd8 33. c6 e4 34. c7 Bxc7 35. Rxc7 d3 36. Kf1 1-0

[Event "Arucas op 6th"]
[Site "Arucas"]
[Date "2010.06.18"]
[Round "4.12"]
[White "Quintana Milan, Maria Victoria"]
[Black "Salcedo Izquierdo, Rafael"]
[Result "1-0"]
[WhiteElo "1356"]
[BlackElo "1226"]
[PlyCount "87"]
[EventDate "2010.06.02"]
[EventType "swiss"]
[EventRounds "5"]
[EventCountry "ESP"]
[SourceTitle "EXT 2024"]
[Source "ChessBase"]
[SourceDate "2023.10.10"]
[SourceVersion "1"]
[SourceVersionDate "2023.10.10"]
[SourceQuality "1"]

1. e4 e6 2. d4 d5 3. exd5 exd5 4. Be2 Be7 5. Nf3 Nf6 6. Bf4 c6 7. c3 0-0 8. Nbd2 Re8 9. 0-0 Bd6 10. Bg5 Be7 11. Bd3 h6 12. Bh4 Bg4 13. Qc2 Bxf3 14. Nxf3 Nbd7 15. Rfe1 Kh8 16. Bg3 Nf8 17. Ne5 Kg8 18. Re2 N8d7 19. f4 Nh5 20. Nxf7 Kxf7 21. Bg6+ Kg8 22. Bxh5 Rf8 23. Bg4 Nf6 24. Be6+ Kh8 25. Rae1 Ne4 26. Qd3 Bh4 27. c4 Bxg3 28. hxg3 Qd6 29. cxd5 cxd5 30. Bxd5 Nxg3 31. Re5 Nh5 32. Rxh5 Qxf4 33. Rf1 Qg4 34. Bf3 Qe6 35. d5 Qb6+ 36. Kh1 Qxb2 37. Qb3 Qd4 38. Qxb7 Rab8 39. Qe7 Qc4 40. Qe2 Qc7 41. Qd2 Qd6 42. Re1 Qa3 43. Rhe5 Rxf3 44. gxf3 1-0

[Event "Arucas op 6th"]
[Site "Arucas"]
[Date "2010.06.09"]
[Round "3"]
[White "Salcedo Izquierdo, Rafael"]
[Black "Suarez Cardero, Ivan"]
[Result "0-1"]
[WhiteElo "1226"]
[BlackElo "1293"]
[PlyCount "101"]
[EventDate "2010.06.02"]
[EventType "swiss"]
[EventRounds "5"]
[EventCountry "ESP"]
[SourceTitle "EXT 2024"]
[Source "ChessBase"]
[SourceDate "2023.10.10"]
[SourceVersion "1"]
[SourceVersionDate "2023.10.10"]
[SourceQuality "1"]

1. d4 d5 2. c4 e6 3. Nc3 Nf6 4. Bg5 Be7 5. e3 c5 6. dxc5 Bxc5 7. Nf3 0-0 8. a3 Be7 9. Rb1 Ne8 10. Bxe7 Qxe7 11. cxd5 exd5 12. Nxd5 Qd8 13. Nc3 Qa5 14. h3 Nf6 15. Qc2 Bf5 16. Bd3 Bxd3 17. Qxd3 Rd8 18. Qb5 Qc7 19. 0-0 a6 20. Qe5 Qc8 21. Rbc1 Nc6 22. Qf4 h6 23. Rfd1 Ne7 24. Ne4 Rxd1+ 25. Rxd1 Ned5 26. Nxf6+ Nxf6 27. Qd4 Qc6 28. Qc3 Qa4 29. Qd4 Qc6 30. Qc3 Qe8 31. Nd4 Rd8 32. Qc7 Rd7 33. Qc2 Kh8 34. Kh1 Qd8 35. Rc1 Qb6 36. Qc8+ Kh7 37. Qc2+ g6 38. b4 Kg7 39. Qc5 Qd8 40. Qc8 Qe7 41. Qc3 Kh7 42. Qc5 Qe8 43. Kg1 Kg7 44. Qc2 Qe5 45. Qc5 Qe8 46. b5 Ne4 47. Qc8 Qxc8 48. Rxc8 axb5 49. Nxb5 Nd6 50. Nxd6 Rxd6 51. Rc3 0-1

[Event "Las Palmas De Pretemporada"]
[Site "Las Palmas"]
[Date "2009.09.24"]
[Round "3"]
[White "Aleman Alamo, Nicolas"]
[Black "Salcedo Izquierdo, Rafael"]
[Result "1/2-1/2"]
[WhiteElo "1717"]
[BlackElo "1477"]
[PlyCount "56"]
[EventDate "2009.09.14"]
[EventType "swiss"]
[EventRounds "6"]
[EventCountry "ESP"]
[SourceTitle "EXT 2024"]
[Source "ChessBase"]
[SourceDate "2023.10.10"]
[SourceVersion "1"]
[SourceVersionDate "2023.10.10"]
[SourceQuality "1"]

1. d4 Nf6 2. c4 g6 3. Nc3 Bg7 4. Nf3 d5 5. c5 c6 6. Bf4 Nh5 7. Bd2 Bg4 8. e3 Nf6 9. Be2 0-0 10. 0-0 Nbd7 11. h3 Bxf3 12. Bxf3 e6 13. Qc2 e5 14. Be2 Re8 15. f3 Nh5 16. dxe5 Ng3 17. Rf2 Nxc5 18. f4 Nce4 19. Nxe4 Nxe4 20. Rf3 Qd7 21. Rd1 f5 22. Bb4 Bf8 23. Bxf8 Kxf8 24. Bd3 Qe7 25. Bxe4 dxe4 26. Rf2 Red8 27. Rfd2 Rxd2 28. Qxd2 Ke8 1/2-1/2

[Event "Gran Canaria Primavera op"]
[Site "Gran Canaria"]
[Date "2009.04.21"]
[Round "7"]
[White "Caritg Creus, Carlos"]
[Black "Salcedo Izquierdo, Rafael"]
[Result "1-0"]
[WhiteElo "1765"]
[BlackElo "1494"]
[PlyCount "75"]
[EventDate "2009.03.17"]
[EventType "swiss"]
[EventRounds "9"]
[EventCountry "ESP"]
[SourceTitle "EXT 2011"]
[Source "ChessBase"]
[SourceDate "2010.11.26"]
[SourceVersion "1"]
[SourceVersionDate "2010.11.26"]
[SourceQuality "1"]

1. e4 e6 2. d4 d5 3. Be3 dxe4 4. Nd2 Nf6 5. c3 Be7 6. Bc4 0-0 7. Qc2 Bd6 8. Nxe4 Nxe4 9. Qxe4 Nd7 10. Nf3 Nf6 11. Qh4 h6 12. 0-0-0 Nh7 13. Qh5 Qf6 14. Ne5 Bxe5 15. dxe5 Qf5 16. Qxf5 exf5 17. h4 Be6 18. Bxe6 fxe6 19. Rd7 Rf7 20. Rhd1 Rxd7 21. Rxd7 Rc8 22. Bc5 a6 23. Kd2 g5 24. h5 b6 25. Be7 b5 26. b4 g4 27. Ke3 Nf8 28. Bxf8 Kxf8 29. Rh7 Kg8 30. Rxh6 Kf7 31. Kf4 c5 32. Kg5 cxb4 33. cxb4 Re8 34. Rh7+ Kg8 35. Kg6 f4 36. h6 Rf8 37. Re7 f3 38. g3 1-0